Responses for show #8303 - Wednesday, December 16, 2020

Brayden Smith game 2.

Contestants

[<< previous game]

Spencer Robins, a graduate student and teacher originally from New York, New York

Rhonda Byer, a retired educator from Los Angeles, California

Brayden Smith, a policy intern from Las Vegas, Nevada (whose 1-day cash winnings total $31,000)

[next game >>]

Jeopardy! Round responses

DOUBLE "O" 7-LETTER WORDS
TV COMEDIES
THE COUNTRY SHE LED
U.S. FACT SHEET
THIS & THAT
GINGERBREAD
(Jimmy: It's for men; it's for houses and Nuremberg is the world capital.)
    $200 6
legroom

Spencer
    $200 8
Monica

Spencer
    $200 25
Argentina

Brayden
    $200 24
the Pentagon

Rhonda
    $200 9
a rattlesnake

Rhonda
    $200 19
Hansel and Gretel

Spencer
    $400 7
redwood

Rhonda
    $400 10
a plane crash

Spencer
    $400 27
the Philippines

Rhonda
    $400 16
Death Valley

Spencer
    $400 21
an olive branch

Brayden
    $400 20
cake

Spencer
    $600 22
a scooter

Brayden
    $600 17
a spaceship

Spencer
    $600 2
Iceland

Brayden
    $600 11
Florida

Brayden
    $600 13
Hello Kitty

Spencer
    $600 28
(Rhonda: What is the Spice Road?)

the Silk Road

BraydenRhonda
    $800 4
a Hoosier

Brayden
    $800 18
Laverne & Shirley

Rhonda
    $800 1
Chile

Triple Stumper
    $800 3
(Spencer: What is the Colorado?)

the Snake River

Spencer
Triple Stumper
    $800 14
Versailles

Spencer
    $800 29
Christmas & Easter

Brayden
    $1000 5
a doormat

Spencer
    $1000 23
Silicon Valley

Spencer
    $1000 26
Norway

Triple Stumper
    $2,000 12
a ponderosa pine

Brayden
    $1000 15
(Alex: Oh, grew up loving them. [*].)

Ding Dongs

Triple Stumper
    $1000 30
cinnamon

Brayden

Scores at the first commercial break (after clue 15):

Brayden Rhonda Spencer
$4,000 $600 $2,400

Scores at the end of the Jeopardy! Round:

Brayden Rhonda Spencer
$7,600 $1,400 $5,000

Double Jeopardy! Round responses

CAVE CAVEATS
MINCED OATHS
BOATS & SHIPS
MEDICAL TERMS
ENDING
ON A HIGH NOTE
    $400 26
Jacob

Brayden
    $400 27
[The end-of-round signal sounds.]

George

Brayden
    $400 5
Sam Spade

Brayden
    $400 1
soprano

Spencer
    $800 14
the Temple of Doom

Spencer
    $800 8
tarnation

Brayden
    $800 11
a yacht

Brayden
    $800 7
a contusion

Brayden
    $800 2
Steven Tyler

Spencer
    $1200 22
Mammoth Cave

Brayden
    $5,000 6
(Alex: I think you've found them all since you've been a contestant on the program.)
(Brayden: Think so.)

dickens

Brayden
    $1200 15
the Lusitania

Brayden
    $2,000 23
kidney stones

Brayden
    $1200 21
Alice in Wonderland

Brayden
    $1200 3
Idina Menzel

Rhonda
    $1600 12
the Red Sea

Brayden
    $1600 25
(Spencer: Oh. Uh... oh, I'm sorry.)

jeepers creepers

BraydenSpencer
    $1600 9
a torpedo

Brayden
    $1600 17
(Brayden: What is [*]? Albino.)

albinism

Brayden
    $1600 20
the Life of Pi

Brayden
    $1600 4
The Phantom of the Opera

Rhonda
    $2000 13
the Caucasus

Brayden
    $2000 24
(Brayden: What is blarney?)
(Rhonda: What is Begorria? Begorray.)
...
(Alex: You added a letter that made it incorrect; faith and [*], not "Begorria". Less than a minute now.)

Begorra

BraydenRhonda
Triple Stumper
    $2000 10
the Cutty Sark

Triple Stumper
    $2000 16
swallowing

Brayden
    $2000 18
Shutter Island

Spencer
    $2000 19
Turandot

Triple Stumper

Scores at the end of the Double Jeopardy! Round:

Brayden Rhonda Spencer
$31,800 $2,200 $7,400
(lock game)

[wagering suggestions for these scores]

Final Jeopardy! Round responses

ROYALTY
RhondaWho is Henry VIII?
$2,199
SpencerWho is James I (of England)
$2,999
BraydenWho is Henry VIII?
$3,200
Henry VIII

Final scores:

Brayden Rhonda Spencer
$35,000 $4,399 $4,401
2-day champion: $66,000 3rd place: $1,000 2nd place: $2,000

Game dynamics:

Coryat scores:

Brayden Rhonda Spencer
$26,200 $2,200 $7,400
28 R
(including 3 DDs),
1 W
7 R,
2 W
15 R,
2 W

Combined Coryat: $35,800

The J! Archive is created by fans, for fans. The Jeopardy! game show and all elements thereof, including but not limited to copyright and trademark thereto, are the property of Jeopardy Productions, Inc. and are protected under law. This website is not affiliated with, sponsored by, or operated by Jeopardy Productions, Inc. Join the discussion at JBoard.tv.